Music Quiz

Random Music or Song Quiz
Score 0/126 Timer 05:00
0 Plays Today
% Correct
Yesterday,
99.4%
yesterday.
99.4%
yesterday
99.4%
yesterday.
99.4%
Yesterday,
99.4%
yesterday.
99.4%
yesterday.
99.4%
Yesterday,
99.4%
yesterday.
99.4%
the
99.1%
a
99.1%
a
99.1%
a
99.1%
I
98.1%
I
98.1%
I
98.1%
I
98.1%
I
98.1%
I
98.1%
I
98.1%
I
98.1%
I
98.1%
I
98.1%
I
98.1%
I
98.1%
so
96.5%
away.
96.2%
away.
96.2%
away.
96.2%
far
95.3%
to
95.3%
to
95.3%
to
95.3%
to
95.3%
to
95.3%
to
95.3%
to
95.3%
to
95.3%
my
95%
all
94.6%
troubles
93.7%
be.
93.6%
% Correct
Oh,
93%
Oh,
93%
Oh,
93%
Oh,
93%
in
92.9%
in
92.9%
in
92.9%
seemed
92.1%
believe
91.5%
believe
91.5%
believe
91.5%
Now
90.4%
Now
90.4%
Now
90.4%
Now
90.4%
Now
90.4%
go
86.4%
go
86.4%
know
84.5%
know
84.5%
stay.
84.1%
she
83.4%
she
83.4%
she
83.4%
she
83.4%
don't
83.1%
don't
83.1%
it
82.8%
for
82.6%
for
82.6%
here
82.5%
say.
82.3%
say.
82.3%
Why
82.2%
Why
82.2%
had
80.9%
had
80.9%
not
80%
long
80%
long
80%
wouldn't
79.7%
wouldn't
79.7%
% Correct
I'm
79.6%
used
79.4%
Suddenly,
79.3%
suddenly.
79.3%
man
79.1%
me.
79.1%
an
76.2%
an
76.2%
half
76%
something
75.8%
something
75.8%
as
75.7%
wrong.
75.4%
wrong.
75.4%
they're
74.9%
said
73.7%
said
73.7%
over
72.2%
though
71.9%
came
71.7%
was
70.9%
was
70.9%
looks
70.6%
There's
70%
hanging
69.2%
shadow
69%
love
68.4%
love
68.4%
play.
68%
play.
68%
game
67.5%
game
67.5%
hide
67.5%
hide
67.5%
need
67.4%
need
67.4%
easy
66.2%
easy
66.2%
place
66.2%
place
66.2%
such
65.8%
such
65.8%
Remove Ads.
Support Sporcle.
Get the best of Sporcle when you Go Orange. This ad-free experience offers more features, more stats, and more fun while also helping to support Sporcle. Thank you for becoming a member.

You're not logged in!

Compare scores with friends on all Sporcle quizzes.
OR
Log In

Show Comments

Extras

Top Quizzes Today


Score Distribution

Your Account Isn't Verified!

In order to create a playlist on Sporcle, you need to verify the email address you used during registration. Go to your Sporcle Settings to finish the process.

Report this User

Report this user for behavior that violates our Community Guidelines.

Details: